000 00614nam a2200217 i 4500
001 C2-0292966
003 PPAK
005 20180728024934.0
008 090114s2008 my a|||| ||||| | may d
040 _aPPAK
_beng
_cPPAK
_erda
082 0 4 _a306
_223
090 0 0 _a306
_bPEL
_dKK
245 0 0 _aPelan strategik ASWARA 2008 - 2016
264 1 _aKuala Lumpur :
_bAkademi Seni Budaya dan Warisan Kebangsaan (ASWARA) ,
_c2008
300 _a200 pages :
_bcolour illustrations
336 _2rdacontent
_atext
337 _2rdamedia
_aunmediated
338 _2rdacarrier
_avolume
650 1 0 _aCulture
942 _ddc
_cB
999 _c97795
_d97795